| 000 | 00667nam a2200253Ia 4500 | ||
|---|---|---|---|
| 003 | OSt | ||
| 005 | 20220918221235.0 | ||
| 006 | a|||||r|||| 00| 0 | ||
| 007 | ta | ||
| 008 | 220917b |||||||| |||| 00| 0 eng d | ||
| 024 | _a148,911 | ||
| 037 | _cTextual | ||
| 040 |
_aARTS _cARTS _beng |
||
| 041 |
_2eng _aeng |
||
| 082 | _aT, L1 | ||
| 100 |
_aBruner Jerome S. _984137 |
||
| 245 | 0 | _aRelevance of education ed by Anita Gil | |
| 260 |
_aLondon _bGeorge Allen & Unwin _c1971 |
||
| 300 |
_axvi, 175p _ccm. |
||
| 500 | _aBibliography p169--170 | ||
| 650 | _aEDUCATION | ||
| 942 |
_hT, L1 _cTEXL _2CC |
||
| 999 |
_c271586 _d271586 |
||